000 00347nam a2200133Ia 4500
008 100328s9999 xx 000 0 und d
082 _b26113
100 _aचंदनशिव भास्कर
245 _aमरणकळा
260 _bसुरेश
630 _aमरणकळा
730 _aमरणकळा
942 _cBOOK
999 _c518614
_d518611